000 00603nam a22001937a 4500
005 20251108164342.0
008 250721s9999 xx 000 0 ara d
082 1 4 _a210.41798/محم
100 1 _aالجبالي، أبو محمد
245 1 0 _aالإصابة بالعين و علاجها و التخلص من السحر و الشيطان /
264 1 _aبيروت :
_bدار اليوسف للنشر،
_c[19-].
300 _a143ص
650 1 7 _aالإسلام
650 1 7 _aالسحر
650 1 7 _aالحسد
700 1 _aعلامة، سعد الدين
942 _2ddc
_cBK
999 _c10039
_d10039